书目信息 |
| 题名: |
案例分析、模拟试题
|
|
| 作者: | ;中国建设监理协会 组织编写 | |
| 分册: | ||
| 出版信息: | 北京 知识产权出版社 2006.01 |
|
| 页数: | 310页 | |
| 开本: | 26cm | |
| 丛书名: | ||
| 单 册: | ||
| 中图分类: | TU712 , TU712-44 | |
| 科图分类: | ||
| 主题词: | 建筑工程--监督管理--考核--自学参考资料 , 建筑工程 , 监督管理 | |
| 电子资源: | ||
| ISBN: | 7-80011-936-X | |
| 000 | 01111nam0 2200277 450 | |
| 001 | 002568954 | |
| 005 | 20040311083142.0 | |
| 010 | @a7-80011-936-X@dCNY58.00 | |
| 100 | @a20100913d2006 em y0chiy0110 ea | |
| 101 | 0 | @achi |
| 102 | @aCN@b110000 | |
| 105 | @ay z 000yy | |
| 200 | 1 | @a案例分析、模拟试题@Aan li fen xi、mo ni shi ti@f中国建设监理协会组织编写 |
| 210 | @a北京@c知识产权出版社@d2006.01 | |
| 215 | @a310页@d26cm | |
| 300 | @a2004全国监理工程师执业资格考试辅导资料 下 | |
| 330 | @a本书内容包括监理工程师执业资格考试的复习要点、难点、例题分析、近三年考试试卷及标准答案、案例分析、模拟试题以及教材中相关思考题答案。 | |
| 512 | 1 | @a2004全国监理工程师执业资格考试辅导资料@A2004 quan guo jian li gong cheng shi zhi ye zi ge kao shi fu dao zi liao@h上@i考试各科目复习要点、难点、例题分析及近年考试试卷与标准答案 |
| 606 | 0 | @a建筑工程@x监督管理@x考核@j自学参考资料 |
| 606 | 0 | @a建筑工程 |
| 606 | 0 | @a监督管理 |
| 690 | @aTU712@v5 | |
| 690 | @aTU712-44@v4 | |
| 711 | 02 | @a中国建设监理协会@Azhong guo jian she jian li xie hui@4组织编写 |
| 905 | @aBZT@dTU712-44@e6 | |
| 906 | @dCNY58.00@n0@r1 | |
| 案例分析、模拟试题/中国建设监理协会组织编写.-北京:知识产权出版社,2006.01 |
| 310页;26cm |
| 2004全国监理工程师执业资格考试辅导资料 下 |
| ISBN 7-80011-936-X:CNY58.00 |
| 本书内容包括监理工程师执业资格考试的复习要点、难点、例题分析、近三年考试试卷及标准答案、案例分析、模拟试题以及教材中相关思考题答案。 |
| ● |
| 相关链接 |
|
|
|
正题名:案例分析、模拟试题
索取号:TU712-44/6
 
预约/预借
| 序号 | 登录号 | 条形码 | 馆藏地/架位号 | 状态 | 备注 |
| 1 | 764648 | 2000764648 | 中心书库中库/ 中库022架B面6列4层38/ [索取号:TU712-44/6] | 在馆 | |
| 2 | 764649 | 2000764649 | 中心书库中库/ 中库022架B面6列4层39/ [索取号:TU712-44/6] | 在馆 | |
| 3 | 764650 | 2000764650 | 中心书库中库/ 中库022架B面6列4层32/ [索取号:TU712-44/6] | 在馆 | |
| 4 | 764651 | 2000764651 | 中心书库中库/ 中库022架B面6列4层41/ [索取号:TU712-44/6] | 在馆 | |
| 5 | 764652 | 2000764652 | 中心书库中库/ 中库022架B面6列4层42/ [索取号:TU712-44/6] | 在馆 | |
| 6 | 764653 | 2000764653 | 中心书库中库/ 中库022架B面6列4层43/ [索取号:TU712-44/6] | 在馆 | |
| 7 | 764654 | 2000764654 | 中心书库中库/ 中库022架B面6列4层44/ [索取号:TU712-44/6] | 在馆 | |
| 8 | 764655 | 2000764655 | 中心书库中库/ 中库022架B面6列4层45/ [索取号:TU712-44/6] | 在馆 | |
| 9 | 764656 | 2000764656 | 中心书库中库/ 中库022架B面6列4层37/ [索取号:TU712-44/6] | 在馆 | |
| 10 | 764657 | 2000764657 | 中心书库中库/ 中库022架B面6列4层36/ [索取号:TU712-44/6] | 在馆 |